[Event "Villarobledo Online Qualifyer"]
[Site "playchess.com #155672"]
[Date "2009.05.23"]
[Round "13"]
[White "Direchess"]
[Black "Ol38130"]
[Result "1-0"]
[WhiteElo "1993"]
[BlackElo "1791"]
[PlyCount "73"]
[EventDate "2009.05.23"]
[EventType "swiss (blitz)"]

1. e4 {[%emt 0:00:01]} c5 {[%emt 0:00:02]} 2. Nf3 {[%emt 0:00:01]} d6 {[%emt 0:
00:01]} 3. d4 {[%emt 0:00:01]} cxd4 {[%emt 0:00:00]} 4. Nxd4 {[%emt 0:00:01]}
Nf6 {[%emt 0:00:00]} 5. Nc3 {[%emt 0:00:01]} a6 {[%emt 0:00:00]} 6. f3 {[%emt
0:00:02]} e6 {[%emt 0:00:03]} 7. Be3 {[%emt 0:00:02]} Nfd7 {[%emt 0:00:03]} 8.
Qd2 {[%emt 0:00:02]} b5 {[%emt 0:00:01]} 9. O-O-O {[%emt 0:00:03]} Nb6 {[%emt
0:00:01]} 10. g4 {[%emt 0:00:04]} Bb7 {[%emt 0:00:03]} 11. h4 {[%emt 0:00:07]}
N8d7 {[%emt 0:00:01]} 12. g5 {[%emt 0:00:07]} Ne5 {[%emt 0:00:01]} 13. Qf2 {
[%emt 0:00:04]} Nbc4 {[%emt 0:00:04]} 14. Bxc4 {[%emt 0:00:03]} Nxc4 {[%emt 0:
00:01]} 15. h5 {[%emt 0:00:09]} Rc8 {[%emt 0:00:16]} 16. Kb1 {[%emt 0:00:07]}
Qa5 {[%emt 0:00:10]} 17. Nb3 {[%emt 0:00:08]} Qc7 {[%emt 0:00:02] Ol38130
réclame le gain suite à déconnexion} 18. Bc1 {[%emt 0:00:12]} b4 {[%emt 0:00:
11]} 19. Ne2 {[%emt 0:00:09]} d5 {[%emt 0:00:13]} 20. exd5 {[%emt 0:00:10]}
Bxd5 {[%emt 0:00:00]} 21. Nf4 {[%emt 0:00:05]} Bb7 {[%emt 0:00:05]} 22. Rhe1 {
[%emt 0:00:03]} Be7 {[%emt 0:00:02]} 23. g6 {[%emt 0:00:02]} O-O {[%emt 0:00:
19]} 24. gxf7+ {[%emt 0:00:04]} Rxf7 {[%emt 0:00:00]} 25. Nxe6 {[%emt 0:00:02]}
Qb8 {[%emt 0:00:20]} 26. h6 {[%emt 0:00:33] Ol38130 réclame le gain suite à
déconnexion} g6 {[%emt 0:00:02]} 27. f4 {[%emt 0:00:08]} a5 {[%emt 0:00:05]}
28. Nbd4 {[%emt 0:00:14]} a4 {[%emt 0:00:09]} 29. f5 {[%emt 0:00:03]} b3 {
[%emt 0:00:07]} 30. cxb3 {[%emt 0:00:04]} axb3 {[%emt 0:00:00]} 31. axb3 {
[%emt 0:00:02]} Na5 {[%emt 0:00:03]} 32. Qe2 {[%emt 0:00:12]} gxf5 {[%emt 0:00:
07]} 33. Rg1+ {[%emt 0:00:02]} Kh8 {[%emt 0:00:01]} 34. Rg7 {[%emt 0:00:05]}
Rxg7 {[%emt 0:00:01]} 35. hxg7+ {[%emt 0:00:01]} Kg8 {[%emt 0:00:01]} 36. Nxf5
{[%emt 0:00:05]} Bf6 {[%emt 0:00:03]} 37. Nh6# {[%emt 0:00:06]} 1-0

[Event "Villarobledo Online Qualifyer"]
[Site "playchess.com #155672"]
[Date "2009.05.23"]
[Round "13"]
[White "Molina"]
[Black "Buster hyman"]
[Result "0-1"]
[WhiteElo "1579"]
[BlackElo "1733"]
[PlyCount "54"]
[EventDate "2009.05.23"]
[EventType "swiss (blitz)"]

1. d4 {[%emt 0:00:01]} d5 {[%emt 0:00:02]} 2. c4 {[%emt 0:00:01]} c6 {[%emt 0:
00:01]} 3. cxd5 {[%emt 0:00:01]} cxd5 {[%emt 0:00:02]} 4. Bf4 {[%emt 0:00:00]}
Nc6 {[%emt 0:00:01]} 5. Nc3 {[%emt 0:00:00]} a6 {[%emt 0:00:03]} 6. e3 {[%emt
0:00:00]} Nf6 {[%emt 0:00:02]} 7. a3 {[%emt 0:00:01]} e6 {[%emt 0:00:02]} 8.
Bd3 {[%emt 0:00:02]} Bd6 {[%emt 0:00:01]} 9. Nge2 {[%emt 0:00:01]} O-O {[%emt
0:00:02]} 10. O-O {[%emt 0:00:01]} Bxf4 {[%emt 0:00:08]} 11. Nxf4 {[%emt 0:00:
02]} Bd7 {[%emt 0:00:05]} 12. Rc1 {[%emt 0:00:07]} Rc8 {[%emt 0:00:02]} 13. b4
{[%emt 0:00:01]} b5 {[%emt 0:00:02]} 14. Qf3 {[%emt 0:00:01]} Qe7 {[%emt 0:00:
05]} 15. Qg3 {[%emt 0:00:07]} g6 {[%emt 0:00:16]} 16. Qh4 {[%emt 0:00:11]} Kg7
{[%emt 0:00:15]} 17. Qg5 {[%emt 0:00:03]} h6 {[%emt 0:00:41]} 18. Qg3 {[%emt 0:
00:05]} g5 {[%emt 0:00:38]} 19. Nh3 {[%emt 0:00:14]} e5 {[%emt 0:00:18]} 20.
Nxg5 {[%emt 0:00:25]} Ng4 {[%emt 0:00:15]} 21. Nh3 {[%emt 0:00:36]} Kh8 {[%emt
0:00:10]} 22. Nxd5 {[%emt 0:00:05]} Qe6 {[%emt 0:00:08]} 23. Nb6 {[%emt 0:00:
10]} Rcd8 {[%emt 0:00:09]} 24. Nxd7 {[%emt 0:00:05]} Rxd7 {[%emt 0:00:04]} 25.
Rxc6 {[%emt 0:00:06]} Qxc6 {[%emt 0:00:05]} 26. Qxg4 {[%emt 0:00:01]} Rg8 {
[%emt 0:00:01]} 27. Qf5 {[%emt 0:00:10]} Qxg2# {[%emt 0:00:02]} 0-1

[Event "Villarobledo Online Qualifyer"]
[Site "playchess.com #155672"]
[Date "2009.05.23"]
[Round "13"]
[White "Spirliadis"]
[Black "Manza"]
[Result "1-0"]
[WhiteElo "1835"]
[BlackElo "1539"]
[PlyCount "79"]
[EventDate "2009.05.23"]
[EventType "swiss (blitz)"]

1. e4 {[%emt 0:00:00]} c5 {[%emt 0:00:05]} 2. d4 {[%emt 0:00:00]} cxd4 {[%emt
0:00:04]} 3. c3 {[%emt 0:00:00]} dxc3 {[%emt 0:00:01]} 4. Bc4 {[%emt 0:00:00]}
cxb2 {[%emt 0:00:02]} 5. Bxb2 {[%emt 0:00:00]} Nc6 {[%emt 0:00:10]} 6. Nf3 {
[%emt 0:00:01]} e6 {[%emt 0:00:02]} 7. O-O {[%emt 0:00:00]} Nf6 {[%emt 0:00:02]
} 8. Re1 {[%emt 0:00:01]} Be7 {[%emt 0:00:03]} 9. Na3 {[%emt 0:00:01]} d6 {
[%emt 0:00:04]} 10. Nb5 {[%emt 0:00:01]} a6 {[%emt 0:00:05]} 11. Nbd4 {[%emt 0:
00:01]} Qb6 {[%emt 0:00:15]} 12. Rb1 {[%emt 0:00:03]} Nxd4 {[%emt 0:00:04]} 13.
Nxd4 {[%emt 0:00:04]} Qc7 {[%emt 0:00:05]} 14. Qe2 {[%emt 0:00:08]} e5 {[%emt
0:00:19]} 15. Nf5 {[%emt 0:00:04]} Bxf5 {[%emt 0:00:03]} 16. exf5 {[%emt 0:00:
02]} O-O {[%emt 0:00:04]} 17. Rec1 {[%emt 0:00:01]} Qd7 {[%emt 0:00:03]} 18.
Rd1 {[%emt 0:00:01]} Qxf5 {[%emt 0:00:14]} 19. Ba3 {[%emt 0:00:04]} Rfd8 {
[%emt 0:00:13]} 20. Rxb7 {[%emt 0:00:03]} Bf8 {[%emt 0:00:08]} 21. Rxf7 {[%emt
0:00:02]} Kh8 {[%emt 0:00:02]} 22. Bd3 {[%emt 0:00:09]} e4 {[%emt 0:00:04]} 23.
Bb1 {[%emt 0:00:10]} Kg8 {[%emt 0:00:02]} 24. Rb7 {[%emt 0:00:02]} d5 {[%emt 0:
00:08]} 25. Bb2 {[%emt 0:00:05]} Qc8 {[%emt 0:00:10]} 26. Rb3 {[%emt 0:00:09]}
Be7 {[%emt 0:00:14]} 27. Rh3 {[%emt 0:00:09]} h6 {[%emt 0:00:04]} 28. f3 {
[%emt 0:00:01]} Qc5+ {[%emt 0:00:11]} 29. Kh1 {[%emt 0:00:01]} exf3 {[%emt 0:
00:07]} 30. Qxf3 {[%emt 0:00:04]} Qd6 {[%emt 0:00:04]} 31. Rg3 {[%emt 0:00:08]}
Rab8 {[%emt 0:00:08]} 32. Ba1 {[%emt 0:00:04]} Rd7 {[%emt 0:00:02]} 33. Bf5 {
[%emt 0:00:03]} Rdb7 {[%emt 0:00:03]} 34. h3 {[%emt 0:00:10]} Rb5 {[%emt 0:00:
09]} 35. Bd3 {[%emt 0:00:05]} Ra5 {[%emt 0:00:07]} 36. Qf5 {[%emt 0:00:02]} Rf8
{[%emt 0:00:05]} 37. Rg6 {[%emt 0:00:06]} Ne8 {[%emt 0:00:05]} 38. Qg4 {[%emt
0:00:22]} Nf6 {[%emt 0:00:03]} 39. Rxg7+ {[%emt 0:00:03]} Kh8 {[%emt 0:00:03]}
40. Rh7# {[%emt 0:00:01]} 1-0

[Event "Villarobledo Online Qualifyer"]
[Site "playchess.com #155672"]
[Date "2009.05.23"]
[Round "13"]
[White "Dreistein"]
[Black "jchess06"]
[Result "1-0"]
[WhiteElo "1884"]
[BlackElo "1829"]
[PlyCount "131"]
[EventDate "2009.05.23"]
[EventType "swiss (blitz)"]

1. d4 {[%emt 0:00:03]} d5 {[%emt 0:00:01]} 2. Nf3 {[%emt 0:00:01]} e6 {[%emt 0:
00:00]} 3. c4 {[%emt 0:00:02]} c6 {[%emt 0:00:00]} 4. Nc3 {[%emt 0:00:03]} Bd6
{[%emt 0:00:01]} 5. e4 {[%emt 0:00:02]} dxe4 {[%emt 0:00:03]} 6. Nxe4 {[%emt 0:
00:00]} Bc7 {[%emt 0:00:01]} 7. Bd3 {[%emt 0:00:04]} Nf6 {[%emt 0:00:01]} 8.
Bg5 {[%emt 0:00:02]} Nbd7 {[%emt 0:00:02]} 9. O-O {[%emt 0:00:03]} h6 {[%emt 0:
00:02]} 10. Bxf6 {[%emt 0:00:16]} Nxf6 {[%emt 0:00:06]} 11. Qe2 {[%emt 0:00:06]
} Nxe4 {[%emt 0:00:20]} 12. Bxe4 {[%emt 0:00:05]} Qd6 {[%emt 0:00:01]} 13. c5 {
[%emt 0:00:07]} Qe7 {[%emt 0:00:26]} 14. Rfe1 {[%emt 0:00:08]} O-O {[%emt 0:00:
02]} 15. Bc2 {[%emt 0:00:03]} Bd7 {[%emt 0:00:02]} 16. Ne5 {[%emt 0:00:12]}
Bxe5 {[%emt 0:00:02]} 17. Qxe5 {[%emt 0:00:01]} Rad8 {[%emt 0:00:08]} 18. Re3 {
[%emt 0:00:06]} f6 {[%emt 0:00:02]} 19. Qe4 {[%emt 0:00:02]} f5 {[%emt 0:00:09]
} 20. Qe5 {[%emt 0:00:01]} Qf6 {[%emt 0:00:01]} 21. Bb3 {[%emt 0:00:09]} Qxe5 {
[%emt 0:00:04]} 22. Rxe5 {[%emt 0:00:00]} Rfe8 {[%emt 0:00:02]} 23. Rae1 {
[%emt 0:00:05]} Kf7 {[%emt 0:00:07]} 24. Rxf5+ {[%emt 0:00:04]} Kg6 {[%emt 0:
00:01]} 25. Rfe5 {[%emt 0:00:03]} Kf6 {[%emt 0:00:01] jchess06 propose la nulle
} 26. f4 {[%emt 0:00:14]} Re7 {[%emt 0:00:02]} 27. f5 {[%emt 0:00:05]} Rde8 {
[%emt 0:00:03]} 28. Bxe6 {[%emt 0:00:06]} Bxe6 {[%emt 0:00:01]} 29. fxe6 {
[%emt 0:00:05]} Rxe6 {[%emt 0:00:00]} 30. Rf1+ {[%emt 0:00:18]} Ke7 {[%emt 0:
00:06]} 31. Rxe6+ {[%emt 0:00:02]} Kxe6 {[%emt 0:00:00]} 32. Re1+ {[%emt 0:00:
02]} Kd7 {[%emt 0:00:02]} 33. Rxe8 {[%emt 0:00:03]} Kxe8 {[%emt 0:00:00]} 34.
Kf2 {[%emt 0:00:02]} Ke7 {[%emt 0:00:00]} 35. Ke3 {[%emt 0:00:02]} Ke6 {[%emt
0:00:00]} 36. Ke4 {[%emt 0:00:01]} b6 {[%emt 0:00:02]} 37. b4 {[%emt 0:00:02]}
b5 {[%emt 0:00:01]} 38. g4 {[%emt 0:00:09]} g5 {[%emt 0:00:06]} 39. h3 {[%emt
0:00:02]} a6 {[%emt 0:00:02]} 40. a3 {[%emt 0:00:06]} Kf6 {[%emt 0:00:01]} 41.
d5 {[%emt 0:00:02]} Ke7 {[%emt 0:00:03]} 42. dxc6 {[%emt 0:00:02]} Kd8 {[%emt
0:00:00]} 43. Kd5 {[%emt 0:00:04]} Kc7 {[%emt 0:00:00]} 44. Ke6 {[%emt 0:00:04]
} Kxc6 {[%emt 0:00:01]} 45. Ke5 {[%emt 0:00:03]} a5 {[%emt 0:00:01]} 46. Ke6 {
[%emt 0:00:02]} axb4 {[%emt 0:00:02]} 47. axb4 {[%emt 0:00:00]} Kc7 {[%emt 0:
00:01]} 48. Kd5 {[%emt 0:00:04]} Kd7 {[%emt 0:00:01]} 49. c6+ {[%emt 0:00:01]}
Kc7 {[%emt 0:00:00]} 50. Kc5 {[%emt 0:00:01]} Kc8 {[%emt 0:00:05]} 51. Kxb5 {
[%emt 0:00:01]} Kb8 {[%emt 0:00:00]} 52. Kc5 {[%emt 0:00:02]} Kc8 {[%emt 0:00:
02]} 53. b5 {[%emt 0:00:01]} Kb8 {[%emt 0:00:00]} 54. b6 {[%emt 0:00:01]} Kc8 {
[%emt 0:00:00]} 55. Kd5 {[%emt 0:00:01]} Kb8 {[%emt 0:00:00]} 56. Ke5 {[%emt 0:
00:01]} h5 {[%emt 0:00:01]} 57. gxh5 {[%emt 0:00:02]} g4 {[%emt 0:00:00]} 58.
hxg4 {[%emt 0:00:02]} Kc8 {[%emt 0:00:00]} 59. h6 {[%emt 0:00:01]} Kd8 {[%emt
0:00:00]} 60. h7 {[%emt 0:00:01]} Ke7 {[%emt 0:00:00]} 61. h8=Q {[%emt 0:00:05]
} Kf7 {[%emt 0:00:00]} 62. Qf6+ {[%emt 0:00:02]} Kg8 {[%emt 0:00:01]} 63. b7 {
[%emt 0:00:05]} Kh7 {[%emt 0:00:01]} 64. Qf5+ {[%emt 0:00:02]} Kg7 {[%emt 0:00:
01]} 65. b8=Q {[%emt 0:00:10]} Kh6 {[%emt 0:00:11]} 66. Qh8# {[%emt 0:00:04]}
1-0

[Event "Villarobledo Online Qualifyer"]
[Site "playchess.com #155672"]
[Date "2009.05.23"]
[Round "13"]
[White "Hakem_II"]
[Black "Miras"]
[Result "1-0"]
[WhiteElo "1889"]
[BlackElo "1751"]
[PlyCount "53"]
[EventDate "2009.05.23"]
[EventType "swiss (blitz)"]

1. d4 {[%emt 0:00:00]} d5 {[%emt 0:00:03]} 2. c4 {[%emt 0:00:02]} e6 {[%emt 0:
00:01]} 3. Nc3 {[%emt 0:00:01]} Nf6 {[%emt 0:00:01]} 4. Nf3 {[%emt 0:00:01]}
Be7 {[%emt 0:00:01]} 5. e3 {[%emt 0:00:01]} O-O {[%emt 0:00:02]} 6. Bd3 {[%emt
0:00:01]} c5 {[%emt 0:00:00]} 7. cxd5 {[%emt 0:00:01]} exd5 {[%emt 0:00:02]} 8.
O-O {[%emt 0:00:01]} Nc6 {[%emt 0:00:01]} 9. a3 {[%emt 0:00:02]} h6 {[%emt 0:
00:05]} 10. dxc5 {[%emt 0:00:01]} Bxc5 {[%emt 0:00:02]} 11. b4 {[%emt 0:00:01]}
Be7 {[%emt 0:00:04]} 12. Nd4 {[%emt 0:00:01]} Nxd4 {[%emt 0:00:04]} 13. exd4 {
[%emt 0:00:01]} Be6 {[%emt 0:00:04]} 14. Bf4 {[%emt 0:00:01]} Rc8 {[%emt 0:00:
04]} 15. Rc1 {[%emt 0:00:01]} Bd6 {[%emt 0:00:04]} 16. Be5 {[%emt 0:00:02]}
Bxe5 {[%emt 0:00:17]} 17. dxe5 {[%emt 0:00:01]} Nd7 {[%emt 0:00:00]} 18. Re1 {
[%emt 0:00:08]} Qg5 {[%emt 0:00:21]} 19. Nb5 {[%emt 0:01:10]} Nxe5 {[%emt 0:00:
42]} 20. Rxc8 {[%emt 0:00:04]} Rxc8 {[%emt 0:00:04]} 21. Nxa7 {[%emt 0:00:01]}
Rc3 {[%emt 0:00:15]} 22. Be2 {[%emt 0:00:04]} Rxa3 {[%emt 0:00:18]} 23. Nb5 {
[%emt 0:00:02]} Ra2 {[%emt 0:00:04]} 24. Nc3 {[%emt 0:00:09]} Rb2 {[%emt 0:00:
26]} 25. Nxd5 {[%emt 0:00:14]} Bxd5 {[%emt 0:00:30]} 26. Qxd5 {[%emt 0:00:22] .
} Rxe2 {[%emt 0:00:04]} 27. Rd1 {[%emt 0:00:17] Âðåìÿ} 1-0

[Event "Villarobledo Online Qualifyer"]
[Site "playchess.com #155672"]
[Date "2009.05.23"]
[Round "13"]
[White "Ricardov"]
[Black "Ajaraisk"]
[Result "1-0"]
[WhiteElo "2290"]
[BlackElo "2199"]
[PlyCount "71"]
[EventDate "2009.05.23"]
[EventType "swiss (blitz)"]

1. e4 {[%emt 0:00:01]} d6 {[%emt 0:00:00]} 2. d4 {[%emt 0:00:01]} Nf6 {[%emt 0:
00:01]} 3. Nc3 {[%emt 0:00:00]} g6 {[%emt 0:00:00]} 4. Bg5 {[%emt 0:00:02]} Bg7
{[%emt 0:00:01]} 5. e5 {[%emt 0:00:00]} Nfd7 {[%emt 0:00:03]} 6. f4 {[%emt 0:
00:03]} O-O {[%emt 0:00:01]} 7. Nf3 {[%emt 0:00:02]} f6 {[%emt 0:00:04]} 8.
Bc4+ {[%emt 0:00:02]} Kh8 {[%emt 0:00:00]} 9. h4 {[%emt 0:00:01]} Nb6 {[%emt 0:
00:06]} 10. Bb3 {[%emt 0:00:02]} fxg5 {[%emt 0:00:08]} 11. Nxg5 {[%emt 0:00:04]
} d5 {[%emt 0:00:02]} 12. h5 {[%emt 0:00:05]} Nc6 {[%emt 0:00:58]} 13. Nxh7 {
[%emt 0:00:12]} Kxh7 {[%emt 0:00:32]} 14. hxg6+ {[%emt 0:00:02]} Kg8 {[%emt 0:
00:00]} 15. g3 {[%emt 0:00:06]} Rf5 {[%emt 0:00:19]} 16. Qd2 {[%emt 0:00:11]}
Nc4 {[%emt 0:00:42]} 17. Bxc4 {[%emt 0:00:09]} dxc4 {[%emt 0:00:00]} 18. O-O-O
{[%emt 0:00:11]} Qe8 {[%emt 0:00:23]} 19. g4 {[%emt 0:00:21] .} Rxf4 {[%emt 0:
00:05]} 20. Qxf4 {[%emt 0:00:02]} Qxg6 {[%emt 0:00:00]} 21. g5 {[%emt 0:00:15]}
Be6 {[%emt 0:00:01]} 22. d5 {[%emt 0:00:04]} Nb4 {[%emt 0:00:06]} 23. Rd2 {
[%emt 0:00:10]} Bf5 {[%emt 0:00:01]} 24. Qxc4 {[%emt 0:00:09]} Nxc2 {[%emt 0:
00:03]} 25. Qxc7 {[%emt 0:00:14]} Rc8 {[%emt 0:00:06]} 26. Qxe7 {[%emt 0:00:04]
} Ne3 {[%emt 0:00:03]} 27. d6 {[%emt 0:00:24]} Nc4 {[%emt 0:00:01]} 28. d7 {
[%emt 0:00:03]} Bxd7 {[%emt 0:00:03]} 29. Rxd7 {[%emt 0:00:03]} Nxe5 {[%emt 0:
00:02]} 30. Rd8+ {[%emt 0:00:04]} Rxd8 {[%emt 0:00:00]} 31. Qxd8+ {[%emt 0:00:
01]} Bf8 {[%emt 0:00:01]} 32. Rf1 {[%emt 0:00:14]} Nf7 {[%emt 0:00:02]} 33. Qf6
{[%emt 0:00:03]} Qxg5+ {[%emt 0:00:01]} 34. Qxg5+ {[%emt 0:00:01]} Nxg5 {[%emt
0:00:00]} 35. Rg1 {[%emt 0:00:04]} Bh6 {[%emt 0:00:03]} 36. Ne4 {[%emt 0:00:01]
Ajaraisk resigns} 1-0

[Event "Villarobledo Online Qualifyer"]
[Site "playchess.com #155672"]
[Date "2009.05.23"]
[Round "13"]
[White "Necromant"]
[Black "ZECE"]
[Result "1-0"]
[WhiteElo "2576"]
[BlackElo "2100"]
[PlyCount "67"]
[EventDate "2009.05.23"]
[EventType "swiss (blitz)"]

1. e4 {[%emt 0:00:02]} c5 {[%emt 0:00:01]} 2. Nf3 {[%emt 0:00:01]} e6 {[%emt 0:
00:01]} 3. d4 {[%emt 0:00:01]} cxd4 {[%emt 0:00:01]} 4. Nxd4 {[%emt 0:00:00]}
Nc6 {[%emt 0:00:01]} 5. Nc3 {[%emt 0:00:01]} Bc5 {[%emt 0:00:01]} 6. Nb3 {
[%emt 0:00:40]} Bb6 {[%emt 0:00:15]} 7. Be3 {[%emt 0:00:09] ZECE offers a draw}
Nf6 {[%emt 0:00:18]} 8. Qd2 {[%emt 0:00:10]} O-O {[%emt 0:00:07]} 9. O-O-O {
[%emt 0:00:03]} Na5 {[%emt 0:00:15]} 10. Bxb6 {[%emt 0:00:12]} Qxb6 {[%emt 0:
00:02]} 11. Qd4 {[%emt 0:00:05]} Nxb3+ {[%emt 0:00:04]} 12. axb3 {[%emt 0:00:
03]} Qa5 {[%emt 0:00:10]} 13. e5 {[%emt 0:00:11]} Ne8 {[%emt 0:00:31]} 14. b4 {
[%emt 0:00:19]} Qc7 {[%emt 0:00:07]} 15. Qc5 {[%emt 0:00:10]} Qd8 {[%emt 0:00:
09]} 16. f4 {[%emt 0:00:22]} b6 {[%emt 0:00:04]} 17. Qd4 {[%emt 0:00:02]} f6 {
[%emt 0:00:01]} 18. Kb1 {[%emt 0:00:05]} fxe5 {[%emt 0:00:02]} 19. fxe5 {[%emt
0:00:02]} a5 {[%emt 0:00:10]} 20. b5 {[%emt 0:00:05]} a4 {[%emt 0:00:01]} 21.
Nxa4 {[%emt 0:00:03]} Qg5 {[%emt 0:00:09]} 22. Nxb6 {[%emt 0:00:05]} Rb8 {
[%emt 0:00:14]} 23. Bc4 {[%emt 0:00:08]} Rf4 {[%emt 0:00:04]} 24. Qc5 {[%emt 0:
00:15]} Qd8 {[%emt 0:00:34]} 25. Bxe6+ {[%emt 0:00:04]} Kh8 {[%emt 0:00:12]}
26. Nxc8 {[%emt 0:00:07]} Rxc8 {[%emt 0:00:02]} 27. Qe3 {[%emt 0:00:04]} Ra4 {
[%emt 0:00:03]} 28. Bb3 {[%emt 0:00:06]} Ra7 {[%emt 0:00:04]} 29. e6 {[%emt 0:
00:05]} Qa5 {[%emt 0:00:02]} 30. c3 {[%emt 0:00:01]} Qa1+ {[%emt 0:00:02]} 31.
Kc2 {[%emt 0:00:01]} Rac7 {[%emt 0:00:02]} 32. exd7 {[%emt 0:00:03]} Rxc3+ {
[%emt 0:00:03]} 33. bxc3 {[%emt 0:00:01]} Rxc3+ {[%emt 0:00:03]} 34. Qxc3 {
[%emt 0:00:01] ZECE resigns} 1-0

[Event "Villarobledo Online Qualifyer"]
[Site "playchess.com #155672"]
[Date "2009.05.23"]
[Round "13"]
[White "Clocktower"]
[Black "Juanma9413"]
[Result "0-1"]
[WhiteElo "2063"]
[BlackElo "1902"]
[PlyCount "72"]
[EventDate "2009.05.23"]
[EventType "swiss (blitz)"]

1. e4 {[%emt 0:00:03]} c5 {[%emt 0:00:01]} 2. Nf3 {[%emt 0:00:02]} g6 {[%emt 0:
00:02]} 3. c3 {[%emt 0:00:01]} Bg7 {[%emt 0:00:02]} 4. Bd3 {[%emt 0:00:06]} Nc6
{[%emt 0:00:04]} 5. O-O {[%emt 0:00:01]} Nf6 {[%emt 0:00:02]} 6. Bc2 {[%emt 0:
00:11]} O-O {[%emt 0:00:10]} 7. Re1 {[%emt 0:00:03]} d6 {[%emt 0:00:10]} 8. h3
{[%emt 0:00:01]} b5 {[%emt 0:00:05]} 9. d3 {[%emt 0:00:03]} b4 {[%emt 0:00:02]}
10. Nbd2 {[%emt 0:00:05]} a5 {[%emt 0:00:18]} 11. Nf1 {[%emt 0:00:01]} Qc7 {
[%emt 0:00:17]} 12. Be3 {[%emt 0:00:14]} Nd7 {[%emt 0:00:09]} 13. Qd2 {[%emt 0:
00:02]} Re8 {[%emt 0:00:06]} 14. Bh6 {[%emt 0:00:01]} Bh8 {[%emt 0:00:01]} 15.
Ng5 {[%emt 0:00:04]} a4 {[%emt 0:00:21]} 16. Ng3 {[%emt 0:00:03]} a3 {[%emt 0:
00:02]} 17. Qf4 {[%emt 0:00:25]} Nf6 {[%emt 0:00:07]} 18. Bb3 {[%emt 0:00:04]}
e6 {[%emt 0:00:07]} 19. bxa3 {[%emt 0:00:15]} bxc3 {[%emt 0:00:02]} 20. h4 {
[%emt 0:00:13]} Rxa3 {[%emt 0:00:05]} 21. h5 {[%emt 0:00:02]} Nd4 {[%emt 0:00:
03]} 22. hxg6 {[%emt 0:00:07]} hxg6 {[%emt 0:00:05]} 23. Qh4 {[%emt 0:01:07]}
Qa5 {[%emt 0:00:19]} 24. Bc4 {[%emt 0:00:17]} Nc2 {[%emt 0:00:09]} 25. Nxf7 {
[%emt 0:00:15]} Kxf7 {[%emt 0:00:05]} 26. e5 {[%emt 0:00:02]} dxe5 {[%emt 0:00:
04]} 27. Ne4 {[%emt 0:00:02]} Nxe1 {[%emt 0:00:05]} 28. Rxe1 {[%emt 0:00:05]}
c2 {[%emt 0:00:05] '} 29. Nd6+ {[%emt 0:00:01]} Ke7 {[%emt 0:00:06]} 30. Nxe8 {
[%emt 0:00:01]} Qxe1+ {[%emt 0:00:03]} 31. Kh2 {[%emt 0:00:01]} Kxe8 {[%emt 0:
00:02]} 32. Bg5 {[%emt 0:00:01]} c1=Q {[%emt 0:00:06]} 33. Qxh8+ {[%emt 0:00:
02]} Kd7 {[%emt 0:00:04]} 34. Bb5+ {[%emt 0:00:01]} Kc7 {[%emt 0:00:02]} 35.
Bxf6 {[%emt 0:00:08]} Qh1+ {[%emt 0:00:02]} 36. Kg3 {[%emt 0:00:01]} Qf4# {
[%emt 0:00:02]} 0-1

[Event "Villarobledo Online Qualifyer"]
[Site "playchess.com #155672"]
[Date "2009.05.23"]
[Round "13"]
[White "Hauberk"]
[Black "Mtv star"]
[Result "1/2-1/2"]
[WhiteElo "2352"]
[BlackElo "2364"]
[PlyCount "71"]
[EventDate "2009.05.23"]
[EventType "swiss (blitz)"]

1. e4 {[%emt 0:00:01]} e6 {[%emt 0:00:01]} 2. d4 {[%emt 0:00:01]} d5 {[%emt 0:
00:00]} 3. Nc3 {[%emt 0:00:00]} c6 {[%emt 0:00:01]} 4. Nf3 {[%emt 0:00:02]} f5
{[%emt 0:00:01]} 5. exf5 {[%emt 0:00:02]} exf5 {[%emt 0:00:00]} 6. Ne5 {[%emt
0:00:03]} Nf6 {[%emt 0:00:01]} 7. Bg5 {[%emt 0:00:02]} Bd6 {[%emt 0:00:04]} 8.
Bd3 {[%emt 0:00:19]} O-O {[%emt 0:00:02]} 9. O-O {[%emt 0:00:06]} Nbd7 {[%emt
0:00:02]} 10. Re1 {[%emt 0:00:02]} Qb6 {[%emt 0:00:12]} 11. Bxf5 {[%emt 0:00:
22]} Nxe5 {[%emt 0:00:41]} 12. Bxc8 {[%emt 0:00:19]} Neg4 {[%emt 0:00:08] Mtv
star offers a draw} 13. Bxg4 {[%emt 0:00:11]} Nxg4 {[%emt 0:00:02]} 14. Qxg4 {
[%emt 0:00:02]} Qc7 {[%emt 0:00:05]} 15. Qe6+ {[%emt 0:00:05]} Kh8 {[%emt 0:00:
08]} 16. g3 {[%emt 0:00:01]} h6 {[%emt 0:00:09]} 17. Bxh6 {[%emt 0:00:04]} Rf6
{[%emt 0:00:30]} 18. Bxg7+ {[%emt 0:00:22]} Kxg7 {[%emt 0:00:00]} 19. Qg4+ {
[%emt 0:00:12]} Rg6 {[%emt 0:00:03]} 20. Qh3 {[%emt 0:00:11]} Rh8 {[%emt 0:00:
07]} 21. Qg2 {[%emt 0:00:01]} Rgh6 {[%emt 0:00:01]} 22. h4 {[%emt 0:00:05]} Rg6
{[%emt 0:00:01]} 23. Re3 {[%emt 0:00:14]} Qb6 {[%emt 0:00:14]} 24. Rae1 {[%emt
0:00:17]} Qxd4 {[%emt 0:00:08]} 25. Rd3 {[%emt 0:00:08]} Qb6 {[%emt 0:00:06]}
26. Kh2 {[%emt 0:00:12]} Rxh4+ {[%emt 0:00:02]} 27. Kg1 {[%emt 0:00:12]} Rhg4 {
[%emt 0:00:01]} 28. Ne2 {[%emt 0:00:05]} Re4 {[%emt 0:00:10]} 29. b3 {[%emt 0:
00:04]} Qc7 {[%emt 0:00:11]} 30. Kf1 {[%emt 0:00:01]} Qe7 {[%emt 0:00:03]} 31.
Rdd1 {[%emt 0:00:03]} Bb4 {[%emt 0:00:03]} 32. c3 {[%emt 0:00:02]} Bc5 {[%emt
0:00:03]} 33. Nf4 {[%emt 0:00:05]} Rg5 {[%emt 0:00:12] '} 34. Rxe4 {[%emt 0:00:
02]} dxe4 {[%emt 0:00:03]} 35. Re1 {[%emt 0:00:01]} e3 {[%emt 0:00:04]} 36.
fxe3 {[%emt 0:00:01] Mtv star offers a draw} 1/2-1/2